000 00696nam a2200265Ia 4500
005 20260121165438.0
008 008 260114s9999 xx 000 0 eng d
020 _a9783319563879
037 _aEBOOK
040 _aCRL
040 _beng
040 _cCRL
041 _2eng
041 _aeng
084 _qCRL
100 _aStanislav I. Sadovnikov, Andrey A. Rempel, Aleksandr I. Gusev
_91051813
245 0 _aNanostructured Lead, Cadmium, and Silver Sulfides
260 _bSpringer
260 _bSpringer
260 _c2018
856 _uhttps://link.springer.com/openurl?genre=book&isbn=978-3-319-56387-9
942 _cEBOOK
999 _c1617538
_d1617538